1368 1156 1319 1759 1032 1142 1982 1312 1409 1071 1199 1249 1826 1823 1201 1587 1041 1358 1566 1947 1319 1396 1676 1385 1060 1100 1016 1226 1919 1529 1924 1690 1859 1326 1165 1023 1361 1786 1128 1121 1627 1447 1573 1484 1723 1612 1129 1611 1350 1413 1209 2000 1856 1607 1956 1172 1951 1224 1293 1014 1721 1661 1928 1838 1209 1793 1688 1989 1578 1528 1322 1114 1320 1796 1047 1628 1436 1619 1562 1642 1708 1189 1227 1940 1772 1338 1168 1367 1792 1100 1974 1607 1018 1774 1682 1351 1851 1786 1718 BCNSPRNW ULIB Ver.6.0+V

เปลี่ยนเป็นภาษาไทย

Change to English
 แสดงรายละเอียดบรรณานุกรม
  กลับหน้าหลัก

Brief Record : Get Marc (ISO 2709) : E-mail record : QR code < ปิดหน้าต่าง
LEADER : 00000nas 2200000uu 4500
001    13399114000
003     ULIB
008    020711s|||| th a 000 0 tha d
022    ^a08586101
110    ^aโรงพยาบาลศรีธัญญา
245    ^aวารสารโรงพยาบาลศรีธัญญา
260    ^aนนทบุรี :^bโรงพยาบาลศรีธัญญา,^cม.ป.ป.
310    ^aรายเดือน
850 ^a ULIB^bฉบับที่ 9 ปีที่ 12 ;ปีที่ 13 ;ฉบับที่ 1 ปีที่ 14 ;ฉบับที่ 1 ปีที่ 15 ฉ.1 ;ฉบับที่ 1 ปีที่ 16 ฉ.1 ;ฉบับที่ 1 ปีที่ 17 ฉ.1
945    ^p0^l0^i900115
945    ^p0^l0^i901084
945    ^p0^l0^i902196
945    ^p0^l0^i902992
945    ^p0^l0^i903884
945    ^p0^l0^i904757
รายการนี้ยังไม่มีแท็ก
คุณยังไม่ได้ล็อกอิน คุณสามารถมีกิจกรรมร่วมกับเว็บไซต์ได้ แต่ต้องล็อกอินก่อน ::
  ล็อกอิน

รายการสื่อสารสนเทศ (วารสาร)

ดูแบบ: กล่อง รายการ
ARRIVED
ฉบับที่ 9 ปีที่ 12
สถานที่: ห้องสมุดวิทยาเขตสวรรค์ประชารักษ์ >วารสาร
ARRIVED
ปีที่ 13
สถานที่: ห้องสมุดวิทยาเขตสวรรค์ประชารักษ์ >วารสาร
ARRIVED
ฉบับที่ 1 ปีที่ 14
สถานที่: ห้องสมุดวิทยาเขตสวรรค์ประชารักษ์ >วารสาร
ARRIVED
ฉบับที่ 1 ปีที่ 15 ฉ.1
สถานที่: ห้องสมุดวิทยาเขตสวรรค์ประชารักษ์ >หนังสือพิมพ์
ARRIVED
ฉบับที่ 1 ปีที่ 16 ฉ.1
สถานที่: ห้องสมุดวิทยาเขตสวรรค์ประชารักษ์ >วารสาร
ARRIVED
ฉบับที่ 1 ปีที่ 17 ฉ.1
สถานที่: ห้องสมุดวิทยาเขตสวรรค์ประชารักษ์ >วารสาร
รายการใกล้เคียง
    ชื่อเรื่อง [วารสารโรงพยาบาลศรีธัญญา]

    ผู้แต่ง []

BibComment


ยังไม่เคยถูกคอมเมนท์

คอมเมนท์ทรัพยากรรายการนี้
  คอมเมนท์: วารสารโรงพยาบาลศ..


 Copyright 2026. Bcnsprnw @Library